000 00768nam a22002417a 4500
003 UA-OsUOA
001 35950
007 ta
008 20051230b un ||||| |||| 00| 0 ukr d
100 _aЄжова Л.Ф.
090 _a004.421
_bЕ41
942 _cBK
040 _aUA-OsUOA
_bukr
_cUA-OsUOA
_dUA-OsUOA
245 _aАлгоритмізація і програмування процедур обробки інформації
_bНавч.-метод. посібник для самост. вивч. дисц.
300 _a152 с.
955 _a2
041 _aukr
080 _a004.421
020 _a966-574-133-0
260 _aК.
_bКНЕУ
_c2000
650 7 _a00 Загальні питання науки і культури
_2UDC
999 _c322253
_d322253